Loading...
| Current Events | 3 | 20.00 | 100% | 67% | 33% |
| Fine Arts - Classical Music | 4 | 15.00 | 75% | 50% | 25% |
| Fine Arts - Other | 4 | 20.00 | 100% | 100% | 0% |
| Fine Arts - Painting and Sculpture | 6 | 18.33 | 83% | 100% | 0% |
| Geography | 2 | 20.00 | 100% | 50% | 50% |
| History - American | 3 | 13.33 | 100% | 33% | 0% |
| History - Ancient/Other | 1 | 10.00 | 100% | 0% | 0% |
| History - European | 3 | 16.67 | 100% | 67% | 0% |
| History - Other | 1 | 10.00 | 100% | 0% | 0% |
| History - World | 3 | 13.33 | 100% | 33% | 0% |
| Literature - American | 7 | 17.14 | 100% | 57% | 14% |
| Literature - British | 5 | 16.00 | 100% | 60% | 0% |
| Literature - European | 3 | 16.67 | 100% | 67% | 0% |
| Literature - World | 4 | 17.50 | 100% | 75% | 0% |
| Mythology | 6 | 10.00 | 50% | 50% | 0% |
| Philosophy | 2 | 10.00 | 100% | 0% | 0% |
| Religion | 5 | 14.00 | 80% | 40% | 20% |
| Science - Biology | 4 | 12.50 | 100% | 0% | 25% |
| Science - Chemistry | 6 | 15.00 | 100% | 17% | 33% |
| Science - Other | 4 | 10.00 | 75% | 25% | 0% |
| Science - Physics | 3 | 10.00 | 67% | 33% | 0% |
| Social Science | 3 | 10.00 | 67% | 33% | 0% |